Motorická výkonnost středoškolské mládeže ve městech severočeského regionu

Bibliographic Details
Main Authors: Havel, Zdeněk, 1938- (Author), Ježková, Marie, 1947- (Author)
Format: Article
Language:Slovak
PhysicalDescription:Tb. 4. Res. angl., nem., lit. 9 zázn. v slov., češ.
Subjects:

MARC

LEADER 00000nab a2200000 a 4500
001 vtls000452186
003 SK-MaSNL
005 20260303161200.0
008 230223c1992 xo 0 slo
015 |a SNBRB19rr/mm-uuuuu 
035 |a CL0452317 
035 |a urn:nbn:sk:snk-ab9zbh 
035 |a (urnnbn)urn:nbn:sk:snk:ar-a0961p 
035 |a (uuid)64702fb7-1b19-4c75-a624-ec87ac5886de 
040 |a SNKBUCL  |b slo  |c SNKBUCL  |e AACR2 
041 0 |a slo 
044 |a xo  |c SK 
080 |a 796.012.1:373.5-053.6  |2 1981 
080 |a 373.5-053.6  |2 1981 
100 1 |a Havel, Zdeněk,  |d 1938-  |4 aut  |9 133435 
245 1 0 |a Motorická výkonnost středoškolské mládeže ve městech severočeského regionu  |c Zdeněk Havel, Marie Ježková 
300 |b Tb. 4. Res. angl., nem., lit. 9 zázn. v slov., češ. 
650 0 7 |a výkonnosť športová  |2 snkbucl  |9 873305 
650 0 7 |a mládež  |2 snkbucl  |9 1575 
655 7 |a články z novín a časopisov  |2 snkbucl  |9 267496 
700 1 |a Ježková, Marie,  |d 1947-  |4 aut  |9 143392 
773 0 |t Telesná výchova a šport  |g Roč. 2, č. 1 (1992), s. 5-9 
850 |a Slovenská národná knižnica v Martine  |a MTA001 
852 |a SNK  |b KIS3GCP 
954 |a odborná, vedecká literatúra pôvodná (slovenská)  |2 lita 
958 |a OND 
958 |a NB 
958 |a RK 
958 |a EUIPO 
958 |a article13 
992 |a RBX 
999 |c 2048521  |d 2050451